000 00299nam a22001337a 4500
008 170531b xxu||||| |||| 00| 0 eng d
020 _a9780137634422
041 _aeng
080 _a94(4)
100 _a17
101 _aSHH
245 _aTHE REBIRTH OF EAST EUROPE
_cROSKIN, M.G
942 _2udc
_cBK
999 _c15109
_d15109